000 00903nas a2200313 4500
001 BR2012006049
003 BR-BrBNA
005 20231205121001.0
007 ta
008 230509b bl.|||p| |||| 00| 00por d
040 _aBR-BrBNA
_bpor
_cBiblioteca Nacional de Agricultura
041 _a(Pt)
072 _aH20
100 1 _aBenchimol, R.L.
100 1 _aVerzignassi, J.R.
100 1 _aMatos, A.P. de
100 1 _aSantos, M. de F.
100 1 _aPoltoronieri, L.S.
100 1 _aSilva, C.M. da
245 1 _aPrimeiro relato de sigatoka-negra no nordeste paraense
650 _aBANANA
650 _aSIGATOKA NEGRA
650 _aDOENÇA DE PLANTA
650 _aFUNGO
650 _aPOMAR
773 0 _tRevista de Ciências Agrárias (Brazil)
_xISSN 1517-591X
_g(Jan-Jun 2010), v. 53(1) p. 108-111
_wBR2012006049
909 _a202311
_bLúcia
_c55
_dLúcia Elande
942 _2AGRIS
_n0
_cANA
999 _c221310
_d221310